00571nam a22001817a 4500003000400000005001700004007000300021008003900024020001800063040002500081082002200106100003800128245007500166260003500241300002600276500007400302650001300376OSt20260114113658.0ta100322s2020 dr a 000 0 spa d a9789945094978 aDO-SdBNPbspacBNPHU 4a306.87bS253g2221 aSantana Fernández, Angied1980-10aGuía para parejas :b21 días contigo /cAngie Santana Fernández  aSanto Domingo :bArgos,c2020. a108 p. :bil.c21 cm. aIncluye datos biográficos de la autora en la solapa de la cubierta  0aParejas